Discourses to the aged : on several important subjects. ... By Job Orton.

Bibliographic Details
Main Author: Orton, Job, 1717-1783
Format: eBook
Language:English
Series:Eighteenth century collections online.
Online Access:Full text online

MARC

Tag First Indicator Second Indicator Subfields
LEADER 00000cam a2200000 4500
001 in00001931069
006 m | d |
007 cr |n||||||||n
008 820210s1771 enk|||| s 00||||eng d
005 20260406212510.3
035 |a (CStRLIN)ESTCT137090 
040 |a Uk-ES  |c Uk-ES  |d CStRLIN  |d Thomson Gale  |d UtOrBLW 
100 1 |a Orton, Job,  |d 1717-1783. 
245 1 0 |a Discourses to the aged :  |b on several important subjects. ... By Job Orton. 
264 3 |a Shrewsbury :  |b printed by J. Eddowes; and sold by J. Buckland and T. Longman, London,  |c 1771. 
300 |a xv, 1 unnumbered page, 356p. ;  |c 12⁰. 
336 |a text  |b txt  |2 rdacontent 
337 |a computer  |b c  |2 rdamedia 
338 |a online resource  |b cr  |2 rdacarrier 
500 |a With a half-title. 
500 |a Reproduction of original from the British Library. 
510 4 |a English Short Title Catalog,  |c ESTCT137090. 
533 |a Electronic reproduction.  |b Farmington Hills, Mich. :  |c Thomson Gale,  |d 2003.  |n Available via the World Wide Web.  |n Access limited by licensing agreements  |7 s2003 miunns 
500 |a Electronic resource. 
830 0 |a Eighteenth century collections online. 
856 4 0 |u http://proxy.library.tamu.edu/login?url=https://galenet.galegroup.com/servlet/ECCO?c=1&stp=Author&ste=11&af=BN&ae=T137090&tiPG=1&dd=0&dc=flc&docNum=CW115513673&vrsn=1.0&srchtp=a&d4=0.33&n=10&SU=0LRK&locID=txshracd2898  |z Full text online  |t 0 
999 |a MARS 
999 f f |s 32ad36bd-36fd-3f1a-8756-e43474b4d5b4  |i 027eeaa3-0972-3012-a04a-0d59f75c26ba  |t 0 
952 f f |a Texas A&M University  |b College Station  |c Electronic Resources  |s www_evans  |d Available Online  |t 0  |h No information provided 
998 f f |t 0  |l Available Online